000 01696nam a2200349 i 4500
001 16967
003 ES-MaACL
005 20260327145602.0
007 t|
008 001127s1957 sp a |||| |dspa d
080 _a75 López, Antonio (064.3)
100 1 _aLópez, Antonio,
_d1936-
_973305
245 1 0 _aAntonio López García y su tiempo
_b: [exposición, Sala del Prado del Ateneo de Madrid, 3-20 de diciembre de 1957] /
_c[texto de] Joaquín de la Puente.
260 _aMadrid :
_bAteneo,
_c1957.
300 _a[32] p. :
_bprincipalmente il. n. ;
_c22 cm.
490 1 _aCuadernos de arte.
_aColección ordinaria ;
_v26
600 1 4 _aLópez, Antonio,
_d1936-
_xExposiciones
_973306
610 2 4 _aAteneo de Madrid-
_vExposiciones-
_y1950-1959
_91919
610 2 4 _aAteneo de Madrid-
_vObras digitalizadas.
_91930
655 7 _2tgfbne
_9193628
_aCatálogos de exposiciones
700 1 _aPuente, Joaquín de la.
_994146
710 2 _aAteneo de Madrid.
_bSala del Prado.
_91965
830 0 _aCuadernos de arte. Colección ordinaria
_v26
_9180064
852 _aES-MaACL
_j2159-F-24
_zRevisado enlace: 27 de Marzo de 2025.
_cDEPOF
_gDedicatoria autógrafa de Antonio López
_917399
852 _aES-MaACL
_j2189-F-17
_cDEPOF
_zRevisado enlace: 27 de Marzo de 2025.
_9 17397
852 _aES-MaACL
_jG-13292(11)
_cSPP3
_zRevisado enlace: 27 de Marzo de 2025.
_917398
852 _aES-MaACL
_j1517-F-16
_917395
_cDEPOF
_zRevisado enlace: 27 de Marzo de 2025.
852 _aES-MaACL
_j2340-F-24
_cDEPOF
_zRevisado enlace: 27 de Marzo de 2025.
_917399
856 4 _uhttp://www.ateneodemadrid.com/biblioteca_digital/folletos/CACo-026.pdf
_yVer documento
942 _2udc
999 _c16967
_d16967